| 000 | 00629nam a2200205 a 4500 | ||
|---|---|---|---|
| 001 | 000015511 | ||
| 005 | 20200929164047.0 | ||
| 008 | 100211s2012 dr a 000 0 spa d | ||
| 020 | _a9789945876123 | ||
| 040 |
_aDO-SdBNP _bspa _cBNPHU |
||
| 100 | 1 |
_aNúñez, Rafael _91366 |
|
| 245 | 1 | 0 |
_aGabinetes de comunicación gubernamental : _bexperiencia dominicana , / _cRafael Núñez. |
| 260 |
_aSanto Domingo : _bSerigraf, _c2012. |
||
| 300 |
_a104 p. : _bil. ; _c25 cm. |
||
| 700 | 1 |
_aAbreu, Gladis _935035 |
|
| 700 | 1 |
_aYikaury María _935036 |
|
| 700 | 1 |
_aValdez, Eliana _935037 |
|
| 700 | 1 |
_aBueno, Yasmel _935038 |
|
| 049 | _aBNPD | ||
| 999 |
_c15067 _d15067 |
||